Quels metiers pour les economistes agricoles?, តើមានមុខរបរអ្វីខ្លះ សំរាប់អ្នកសេដ្ឋកិច្ចកសិកម្ម? (Record no. 9740)
[ view plain ]
| 000 -LEADER | |
|---|---|
| fixed length control field | 00394nam a22001097a 4500 |
| 040 ## - CATALOGING SOURCE | |
| Transcribing agency | SY |
| 082 ## - DEWEY DECIMAL CLASSIFICATION NUMBER | |
| Classification number | 471 |
| 100 ## - MAIN ENTRY--AUTHOR NAME | |
| Personal name | មៀច សំអែល |
| 245 ## - TITLE STATEMENT | |
| Title | Quels metiers pour les economistes agricoles?, តើមានមុខរបរអ្វីខ្លះ សំរាប់អ្នកសេដ្ឋកិច្ចកសិកម្ម? |
| 260 ## - PUBLICATION, DISTRIBUTION, ETC. (IMPRINT) | |
| Place of publication | RUA |
| Name of publisher | មៀច |
| Year of publication | 2001 |
| 942 ## - ADDED ENTRY ELEMENTS (KOHA) | |
| Koha item type | សៀវភៅភាសាខ្មែរ |
| 952 ## - LOCATION AND ITEM INFORMATION (KOHA) | |
| Withdrawn status [LOCAL, KOHA] | 0 |
| Permanent Location | Date acquired | Koha item type | Lost status | Shelving location | Barcode | Current Location | Full call number |
|---|---|---|---|---|---|---|---|
| Library Block C | 2016-09-08 | សៀវភៅភាសាខ្មែរ | C185 | RUA047800 | Library Block C | 471 មៀច 2001 C185 |